Niên giám thống kê thành phố Cần Thơ 2004 = Statistical yearbook Can Tho city 2004

保存先:
書誌詳細
団体著者: Cục Thống kê thành phố Cần Thơ
フォーマット: 図書
言語:Undetermined
出版事項: Cần Thơ Cục Thống kê thành phố Cần Thơ 2005
主題:
タグ: タグ追加
タグなし, このレコードへの初めてのタグを付けませんか!
Thư viện lưu trữ: Trung tâm Học liệu Trường Đại học Cần Thơ
LEADER 00744nam a2200205Ia 4500
001 CTU_76413
008 210402s9999 xx 000 0 und d
082 |a 315.9793 
082 |b C506/2004 
110 |a Cục Thống kê thành phố Cần Thơ 
245 0 |a Niên giám thống kê thành phố Cần Thơ 2004 = 
245 0 |b Statistical yearbook Can Tho city 2004 
245 0 |c Cục Thống kê thành phố Cần Thơ 
260 |a Cần Thơ 
260 |b Cục Thống kê thành phố Cần Thơ 
260 |c 2005 
650 |a Statistics,Statistics,Yearbooks 
650 |z Vietnam,Can Tho province 
904 |i Bằng,Hải 
980 |a Trung tâm Học liệu Trường Đại học Cần Thơ